Theory, Culture & Society / (Record no. 10697)
[ view plain ]
| 000 -LEADER | |
|---|---|
| fixed length control field | 00898nas a22002417a 4500 |
| 005 - DATE AND TIME OF LATEST TRANSACTION | |
| control field | 20250218113738.0 |
| 008 - FIXED-LENGTH DATA ELEMENTS--GENERAL INFORMATION | |
| fixed length control field | 250218b ||||| |||| 00| 0 spa d |
| 022 ## - INTERNATIONAL STANDARD SERIAL NUMBER | |
| International Standard Serial Number | 0263-2764 |
| 022 ## - INTERNATIONAL STANDARD SERIAL NUMBER | |
| International Standard Serial Number | 1460-3616 |
| 082 ## - DEWEY DECIMAL CLASSIFICATION NUMBER | |
| Edition number | 14 |
| Classification number | 306 |
| 222 10 - KEY TITLE | |
| Key title | TCS / |
| 245 10 - TITLE STATEMENT | |
| Title | Theory, Culture & Society / |
| Statement of responsibility, etc | SAGE Publications . |
| 260 ## - PUBLICATION, DISTRIBUTION, ETC. (IMPRINT) | |
| Place of publication, distribution, etc | London : |
| Name of publisher, distributor, etc | SAGE , |
| Date of publication, distribution, etc | 1982 - |
| 300 ## - PHYSICAL DESCRIPTION | |
| Extent | Impresa y digital |
| 362 ## - DATES OF PUBLICATION AND/OR SEQUENTIAL DESIGNATION | |
| Dates of publication and/or sequential designation | Vol. 1, No. 1 (feb. 1982) - |
| 500 ## - GENERAL NOTE | |
| General note | Publica investigaciones originales y artículos de revisión en las ciencias sociales y culturales. Ofrece un foro para artículos que teorizan la relación entre la cultura y la sociedad. |
| 650 27 - SUBJECT ADDED ENTRY--TOPICAL TERM | |
| Source of heading or term | unescot |
| 9 (RLIN) | 2924 |
| Topical term or geographic name as entry element | SOCIOLOGIA CULTURAL |
| 700 1# - ADDED ENTRY--PERSONAL NAME | |
| 9 (RLIN) | 21172 |
| Personal name | Featherstone, Mike |
| 856 41 - ELECTRONIC LOCATION AND ACCESS | |
| Uniform Resource Identifier | <a href="https://journals.sagepub.com/toc/TCS/current">https://journals.sagepub.com/toc/TCS/current</a> |
| 869 ## - Existencias | |
| Año | 1998 |
| Número | 1-2 |
| Volúmen | 15 |
| 942 ## - ADDED ENTRY ELEMENTS (KOHA) | |
| Source of classification or shelving scheme | Dewey Decimal Classification |
| Item type | Revista o publicación periódica |
| 980 ## - EQUIVALENCE OR CROSS-REFERENCE-SERIES STATEMENT--PERSONAL NAME/TITLE [LOCAL, CANADA] | |
| Linkage | 11876 |
| Personal name | Claudia Naveiras |
| Field link and sequence number | 11876 |
| Miscellaneous information | Claudia Naveiras |
| Withdrawn status | Lost status | Source of classification or shelving scheme | Damaged status | Not for loan | Collection code | Home library | Current library | Date acquired | Source of acquisition | Serial Enumeration / chronology | Total Checkouts | Full call number | Barcode | Date last seen | Price effective from | Koha item type |
|---|---|---|---|---|---|---|---|---|---|---|---|---|---|---|---|---|
| Dewey Decimal Classification | Consultar Disponibilidad | Revistas | Biblioteca Central | Biblioteca Central | 18/02/2025 | Donación | Vol. 15, No. 1 (1998) | H 306 THE | UNAJ25020097 | 17/03/2025 | 18/02/2025 | Revista o publicación periódica | ||||
| Dewey Decimal Classification | Consultar Disponibilidad | Revistas | Biblioteca Central | Biblioteca Central | 18/02/2025 | Donación | Vol. 15, No. 2 (1998) | H 306 THE | UNAJ25020098 | 17/03/2025 | 18/02/2025 | Revista o publicación periódica |